| 000 | 00932nas a2200301 4500 | ||
|---|---|---|---|
| 001 | BR2012006773 | ||
| 003 | BR-BrBNA | ||
| 005 | 20231205121156.0 | ||
| 007 | ta | ||
| 008 | 230509b bl.|||p| |||| 00| 00por d | ||
| 040 |
_aBR-BrBNA _bpor _cBiblioteca Nacional de Agricultura |
||
| 041 | _a(Pt) | ||
| 072 | _aH10; N20 | ||
| 100 | 1 | _aGuedes, J.V.C. | |
| 100 | 1 | _aFiorin, R.A. | |
| 100 | 1 | _aStürmer, G.R. | |
| 100 | 1 | _aDal Prá, E. | |
| 100 | 1 | _aPerini, C.R. | |
| 100 | 1 | _aBigolin, M. | |
| 245 | 1 | _aSistemas de aplicação e inseticidas no controle de Anticarsia gemmatalis na soja | |
| 650 | _aEQUIPAMENTO AGRÍCOLA | ||
| 650 | _aCONTROLE QUÍMICO | ||
| 650 | _aPULVERIZAÇÃO | ||
| 650 | _aDEFENSIVO | ||
| 773 | 0 |
_tRevista Brasileira de Engenharia Agrícola e Ambiental (Brazil) _xISSN 1807-1929 _g(Aug 2012), v.16(8) p. 910-914 _wBR2012006773 |
|
| 909 |
_a202311 _bLúcia _c55 _dLúcia Elande |
||
| 942 |
_2AGRIS _n0 _cANA |
||
| 999 |
_c222175 _d222175 |
||